Prínos francúzskej školy k ekonómii rozvojových krajín
Štyri obdobia vývoja francúzskej školy ekonómie rozvojových krajín. Obdobie formovania (1945-1965), diferenciácie (1965-1980), prispôsobovania (1980-1990) a obdobie neoštrukturalizmu (rok 1990 po súčasnosť).
Uložené v:
| Hlavný autor: | |
|---|---|
| Médium: | Kapitola |
| Jazyk: | Slovak |
| Predmet: | |
| Tagy: |
Žiadne tagy, Buďte prvý, kto otaguje tento záznam!
|
MARC
| LEADER | 00000naa a2200000 4500 | ||
|---|---|---|---|
| 001 | 0142870 | ||
| 005 | 20240502072548.6 | ||
| 041 | 0 | |a slo | |
| 044 | |a SK | ||
| 245 | 1 | 0 | |a Prínos francúzskej školy k ekonómii rozvojových krajín |c Magdaléna Přívarová |
| 520 | |a Štyri obdobia vývoja francúzskej školy ekonómie rozvojových krajín. Obdobie formovania (1945-1965), diferenciácie (1965-1980), prispôsobovania (1980-1990) a obdobie neoštrukturalizmu (rok 1990 po súčasnosť). | ||
| 610 | 2 | 0 | |a teórie ekonomické |
| 610 | 2 | 0 | |a krajiny rozvojové |
| 610 | 2 | 0 | |a štrukturalizácia |
| 610 | 2 | 0 | |a trh |
| 610 | 2 | 0 | |a kapitál ľudský |
| 610 | 2 | 0 | |a Francúzsko |
| 100 | 1 | |a Přívarová, Magdaléna, 1955- | |